• 首页
  • 本馆介绍
  • 公告通知
  • 最新文献
  • 馆藏检索
  • 电子资源
  • 读者导购
  • 参考咨询
  • 我的图书馆
  • 登录
  • 详细信息显示
  • 放入我的书架
  • 预约/预借图书
  • 作者相关作品
  • 分类相关作品
  • 丛书相关作品
  • 出版社相关作品

书目信息

  • 表格格式
  • 工作单格式
  • 卡片格式
题名:
健美与魅力
    
 
作者: 马铁 编译
分册:  
出版信息: 北京   人民体育出版社  1988.02
页数: 380页
开本: 20cm
丛书名:
单 册:
中图分类: G83
科图分类:
主题词: 体操
电子资源:
ISBN: 7-5009-0009-0
000 00772nam0 2200205 450
001 0855114881
005 20081022152252.25
010    @a7-5009-0009-0@dCNY2.95
100    @a20081022d1988 km y0chiy0120 ea
101 0  @achi
102    @aCN@b110000
200 1  @a健美与魅力@Ajian mei yu mei li@e著名影星索菲娅·罗兰、简·方达、维多利亚·普林斯0普经验谈@f马铁等编译@Fma tie deng bian yi
210    @a北京@c人民体育出版社@d1988.02
215    @a380页@d20cm
517 1  @a著名影星索菲娅·罗兰、简·方达、维多利亚·普林斯0普经验谈@Azhu ming ying xing suo fei ya·luo lan、jian·fang da、wei duo li ya·pu lin si 0 pu jing yan tan
606 0  @a体操
690    @aG83@v4
701  0 @a马铁@Ama tie@4编译
801  0 @aCN@b大连网信软件有限公司图书馆·11@c20081022
905    @aBZT@dG83@e1
    
    健美与魅力:著名影星索菲娅·罗兰、简·方达、维多利亚·普林斯0普经验谈/马铁等编译.-北京:人民体育出版社,1988.02
    380页;20cm
    
    
    ISBN 7-5009-0009-0:CNY2.95
    
●
相关链接 在五车中查询图书 在当当中查询图书 在豆瓣中查询图书


正题名:健美与魅力     索取号:G83/1         预约/预借

序号 登录号 条形码 馆藏地/架位号 状态 备注
1 008049   201224996   中心书库北库/ 北库026架A面4列5层36/ [索取号:G83/1] 在馆    
山东省滨州职业学院图书馆 欢迎您!
大连网信软件有限公司© 版权所有